[Event "Королевский Гамбит. Южный Федеральный округ."]
[Date "2025-11-21"]
[Round "3.2"]
[Board "2"]
[White "Краль Ян"]
[WhiteElo "1019"]
[Black "Хачатуров Илья"]
[BlackElo "1019"]
[WebSite "https://www.chessopen.ru"]
[GameId "bb36c4db-8832-4b8c-951d-ae9a86c86bef"]
[Result "1-0"]

1. e4 { [%clk 0:10:01] } e5 { [%clk 0:10:00] } 2. Nf3 { [%clk 0:10:02] } Nc6 {
[%clk 0:10:01] } 3. d4 { [%clk 0:10:03] } exd4 { [%clk 0:09:59] } 4. Nxd4 {
[%clk 0:10:04] } Bc5 { [%clk 0:09:56] } 5. Nb3 { [%clk 0:10:04] } Bb6 { [%clk
0:09:57] } 6. Nc3 { [%clk 0:10:05] } d6 { [%clk 0:09:55] } 7. Qe2 { [%clk
0:10:00] } Nf6 { [%clk 0:09:55] } 8. f3 { [%clk 0:09:58] } O-O { [%clk 0:09:56]
} 9. Be3 { [%clk 0:09:40] } Bxe3 { [%clk 0:09:34] } 10. Qxe3 { [%clk 0:09:38] }
a5 { [%clk 0:09:36] } 11. a4 { [%clk 0:09:38] } Be6 { [%clk 0:09:35] } 12.
O-O-O { [%clk 0:09:31] } Qe7 { [%clk 0:09:30] } 13. g4 { [%clk 0:09:28] } Bxb3
{ [%clk 0:09:30] } 14. cxb3 { [%clk 0:09:28] } Qe6 { [%clk 0:09:31] } 15. Bc4 {
[%clk 0:09:26] } Qe5 { [%clk 0:09:23] } 16. f4 { [%clk 0:09:24] } Nxg4 { [%clk
0:08:56] } 17. Qg3 { [%clk 0:09:20] } Qh5 { [%clk 0:08:50] } 18. Rdg1 { [%clk
0:09:07] } Nd4 { [%clk 0:07:26] } 19. Qxg4 { [%clk 0:08:52] } Qxg4 { [%clk
0:07:24] } 20. Rxg4 { [%clk 0:08:51] } g6 { [%clk 0:07:20] } 21. h4 { [%clk
0:08:44] } Kg7 { [%clk 0:07:03] } 22. h5 { [%clk 0:08:44] } c6 { [%clk 0:07:00]
} 23. f5 { [%clk 0:08:44] } b5 { [%clk 0:06:57] } 24. axb5 { [%clk 0:08:34] }
cxb5 { [%clk 0:06:56] } 25. Nxb5 { [%clk 0:08:33] } Nxb5 { [%clk 0:06:50] } 26.
Bxb5 { [%clk 0:08:33] } Rac8+ { [%clk 0:06:53] } 27. Kd2 { [%clk 0:08:30] }
Rfd8 { [%clk 0:06:53] } 28. hxg6 { [%clk 0:08:05] } hxg6 { [%clk 0:06:48] } 29.
fxg6 { [%clk 0:08:07] } fxg6 { [%clk 0:06:50] } 30. Rhg1 { [%clk 0:08:08] } d5
{ [%clk 0:06:50] } 31. Rxg6+ { [%clk 0:08:08] } Kf7 { [%clk 0:06:52] } 32. e5 {
[%clk 0:07:52] } Rb8 { [%clk 0:06:49] } 33. Rf6+ { [%clk 0:07:47] } Ke7 { [%clk
0:06:41] } 34. Rg7# { [%clk 0:07:45] } 1-0

[Event "Королевский Гамбит. Южный Федеральный округ."]
[Date "2025-11-21"]
[Round "3.2"]
[Board "2"]
[White "Медведев Назар"]
[WhiteElo "981"]
[Black "Забелло Дмитрий"]
[BlackElo "990"]
[WebSite "https://www.chessopen.ru"]
[GameId "7aec8c73-f139-45cb-8cc6-fbf4919973cd"]
[Result "1-0"]

1. e4 { [%clk 0:09:58] } e5 { [%clk 0:09:58] } 2. Bc4 { [%clk 0:09:53] } Bc5 {
[%clk 0:09:54] } 3. Qf3 { [%clk 0:09:49] } Nh6 { [%clk 0:09:44] } 4. g4 { [%clk
0:09:42] } Qe7 { [%clk 0:09:36] } 5. Qd1 { [%clk 0:09:35] } Qf6 { [%clk
0:09:33] } 6. Nf3 { [%clk 0:09:24] } Nxg4 { [%clk 0:09:27] } 7. O-O { [%clk
0:08:56] } Nh6 { [%clk 0:09:12] } 8. Nc3 { [%clk 0:08:36] } Qg6+ { [%clk
0:09:05] } 9. Kh1 { [%clk 0:08:31] } Nc6 { [%clk 0:08:51] } 10. Nd5 { [%clk
0:08:13] } Bb6 { [%clk 0:08:29] } 11. d3 { [%clk 0:07:33] } d6 { [%clk 0:07:54]
} 12. Rg1 { [%clk 0:07:31] } Qe6 { [%clk 0:07:47] } 13. Nxc7+ { [%clk 0:07:25]
} Bxc7 { [%clk 0:07:39] } 14. Bxe6 { [%clk 0:07:25] } fxe6 { [%clk 0:07:39] }
15. Rxg7 { [%clk 0:07:21] } Rf8 { [%clk 0:07:19] } 16. Bd2 { [%clk 0:07:19] }
Ne7 { [%clk 0:06:19] } 17. Bxh6 { [%clk 0:07:22] } d5 { [%clk 0:06:07] } 18.
Rxe7+ { [%clk 0:07:16] } Kxe7 { [%clk 0:05:32] } 19. Bxf8+ { [%clk 0:07:13] }
Kxf8 { [%clk 0:05:34] } 20. Qg1 { [%clk 0:07:05] } Bd7 { [%clk 0:05:05] } 21.
Ng5 { [%clk 0:06:59] } Re8 { [%clk 0:04:45] } 22. Nxh7+ { [%clk 0:06:57] } Ke7
{ [%clk 0:04:44] } 23. Qg5+ { [%clk 0:06:54] } Kd6 { [%clk 0:04:41] } 24. Nf6 {
[%clk 0:06:44] } Re7 { [%clk 0:04:38] } 25. Nxd7 { [%clk 0:06:42] } Rxd7 {
[%clk 0:04:33] } 26. f3 { [%clk 0:06:39] } Bd8 { [%clk 0:04:23] } 27. Qg4 {
[%clk 0:06:32] } dxe4 { [%clk 0:04:11] } 28. dxe4 { [%clk 0:06:28] } Ba5 {
[%clk 0:03:38] } 29. Rd1+ { [%clk 0:06:24] } Kc7 { [%clk 0:03:10] } 30. Rxd7+ {
[%clk 0:06:22] } Kxd7 { [%clk 0:02:50] } 31. h4 { [%clk 0:06:21] } Be1 { [%clk
0:02:43] } 32. h5 { [%clk 0:06:19] } Bd2 { [%clk 0:02:34] } 33. Qg6 { [%clk
0:06:10] } b6 { [%clk 0:02:17] } 34. h6 { [%clk 0:06:10] } Bxh6 { [%clk
0:02:17] } 35. Qxh6 { [%clk 0:06:09] } a5 { [%clk 0:02:16] } 36. Qg7+ { [%clk
0:06:05] } Kc6 { [%clk 0:02:15] } 37. Qe7 { [%clk 0:06:01] } b5 { [%clk
0:02:13] } 38. Qxe6+ { [%clk 0:06:01] } Kc7 { [%clk 0:02:12] } 39. Qxe5+ {
[%clk 0:06:02] } Kc6 { [%clk 0:02:12] } 40. Qd5+ { [%clk 0:05:56] } Kb6 { [%clk
0:02:07] } 41. e5 { [%clk 0:05:55] } b4 { [%clk 0:02:05] } 42. e6 { [%clk
0:05:57] } a4 { [%clk 0:02:07] } 43. e7 { [%clk 0:05:58] } b3 { [%clk 0:02:08]
} 44. axb3 { [%clk 0:05:55] } axb3 { [%clk 0:02:08] } 45. cxb3 { [%clk 0:05:55]
} Kc7 { [%clk 0:02:06] } 46. e8=Q { [%clk 0:05:44] } Kb6 { [%clk 0:02:05] } 47.
Qee6+ { [%clk 0:05:43] } Kc7 { [%clk 0:01:57] } 48. Qdd7+ { [%clk 0:05:43] }
Kb8 { [%clk 0:01:57] } 49. Qee8# { [%clk 0:05:43] } 1-0

[Event "Королевский Гамбит. Южный Федеральный округ."]
[Date "2025-11-21"]
[Round "3.2"]
[Board "2"]
[White "Харьковский Назар"]
[WhiteElo "1000"]
[Black "Коростылев Марк"]
[BlackElo "1019"]
[WebSite "https://www.chessopen.ru"]
[GameId "f2cb5699-f426-456a-b014-dd85da587f67"]
[Result "1-0"]

1. e4 { [%clk 0:09:57] } e5 { [%clk 0:10:00] } 2. Nf3 { [%clk 0:09:59] } Nc6 {
[%clk 0:10:00] } 3. Nc3 { [%clk 0:10:00] } Nf6 { [%clk 0:10:01] } 4. Bb5 {
[%clk 0:10:00] } a6 { [%clk 0:10:01] } 5. Bxc6 { [%clk 0:10:00] } dxc6 { [%clk
0:09:58] } 6. Nxe5 { [%clk 0:10:01] } Qd4 { [%clk 0:09:30] } 7. Nf3 { [%clk
0:09:59] } Qc5 { [%clk 0:09:10] } 8. d4 { [%clk 0:09:54] } Qb6 { [%clk 0:09:06]
} 9. Be3 { [%clk 0:09:48] } c5 { [%clk 0:09:02] } 10. dxc5 { [%clk 0:09:49] }
Bxc5 { [%clk 0:09:01] } 11. O-O { [%clk 0:09:43] } Bxe3 { [%clk 0:08:49] } 12.
fxe3 { [%clk 0:09:43] } O-O { [%clk 0:08:49] } 13. e5 { [%clk 0:09:42] } Ng4 {
[%clk 0:08:43] } 14. Nd5 { [%clk 0:09:39] } Qc5 { [%clk 0:08:18] } 15. a3 {
[%clk 0:09:25] } c6 { [%clk 0:08:09] } 16. b4 { [%clk 0:09:25] } Qb5 { [%clk
0:07:49] } 17. Ne7+ { [%clk 0:09:23] } Kh8 { [%clk 0:07:44] } 18. Re1 { [%clk
0:09:07] } Nxe5 { [%clk 0:07:08] } 19. Nxe5 { [%clk 0:08:52] } Qxe5 { [%clk
0:06:58] } 20. Nxc8 { [%clk 0:08:47] } Raxc8 { [%clk 0:06:55] } 21. e4 { [%clk
0:08:40] } Rcd8 { [%clk 0:06:51] } 22. Qe2 { [%clk 0:08:37] } Rd6 { [%clk
0:06:38] } 23. Rad1 { [%clk 0:08:32] } h6 { [%clk 0:06:32] } 24. Rxd6 { [%clk
0:08:29] } Qxd6 { [%clk 0:06:30] } 25. h3 { [%clk 0:08:28] } c5 { [%clk
0:06:20] } 26. Kh1 { [%clk 0:08:28] } cxb4 { [%clk 0:06:16] } 27. axb4 { [%clk
0:08:28] } Qxb4 { [%clk 0:06:15] } 28. Rf1 { [%clk 0:08:26] } Kg8 { [%clk
0:06:07] } 29. Qd1 { [%clk 0:08:25] } Qxe4 { [%clk 0:05:59] } 30. Rf3 { [%clk
0:08:24] } b5 { [%clk 0:05:40] } 31. Qa1 { [%clk 0:08:15] } Ra8 { [%clk
0:05:38] } 32. Rg3 { [%clk 0:08:14] } a5 { [%clk 0:05:32] } 33. Qxg7# { [%clk
0:08:13] } 1-0

[Event "Королевский Гамбит. Южный Федеральный округ."]
[Date "2025-11-21"]
[Round "3.3"]
[Board "3"]
[White "Витченко Артём"]
[WhiteElo "980"]
[Black "Крутых София"]
[BlackElo "1010"]
[WebSite "https://www.chessopen.ru"]
[GameId "3420894a-6094-4985-a3f9-f83a153d4738"]
[Result "0-1"]

1. e4 { [%clk 0:10:01] } e5 { [%clk 0:10:00] } 2. Nf3 { [%clk 0:10:02] } Nf6 {
[%clk 0:10:00] } 3. Nc3 { [%clk 0:10:03] } Nc6 { [%clk 0:10:00] } 4. Bc4 {
[%clk 0:10:03] } Bb4 { [%clk 0:10:01] } 5. Nd5 { [%clk 0:10:02] } Nxd5 { [%clk
0:10:01] } 6. exd5 { [%clk 0:10:04] } Nd4 { [%clk 0:10:00] } 7. Nxd4 { [%clk
0:10:05] } exd4 { [%clk 0:10:01] } 8. O-O { [%clk 0:10:02] } a6 { [%clk
0:10:01] } 9. d3 { [%clk 0:10:04] } b5 { [%clk 0:10:02] } 10. Bb3 { [%clk
0:10:03] } h6 { [%clk 0:10:02] } 11. h3 { [%clk 0:10:04] } O-O { [%clk 0:10:04]
} 12. a3 { [%clk 0:09:41] } Bc5 { [%clk 0:10:02] } 13. Bf4 { [%clk 0:09:29] }
d6 { [%clk 0:10:00] } 14. Ba2 { [%clk 0:09:21] } Bf5 { [%clk 0:09:55] } 15. b4
{ [%clk 0:09:19] } Bb6 { [%clk 0:09:50] } 16. c4 { [%clk 0:09:06] } bxc4 {
[%clk 0:09:50] } 17. dxc4 { [%clk 0:09:07] } a5 { [%clk 0:09:45] } 18. bxa5 {
[%clk 0:09:08] } Rxa5 { [%clk 0:09:45] } 19. Bd2 { [%clk 0:08:50] } Rxa3 {
[%clk 0:09:46] } 20. Qe1 { [%clk 0:08:31] } Re8 { [%clk 0:09:26] } 21. Qd1 {
[%clk 0:08:20] } Rd3 { [%clk 0:09:24] } 22. Bb1 { [%clk 0:07:58] } Rde3 { [%clk
0:09:11] } 23. Bxe3 { [%clk 0:07:52] } Bxb1 { [%clk 0:09:11] } 24. Rxb1 { [%clk
0:07:53] } Bc5 { [%clk 0:09:08] } 25. Bf4 { [%clk 0:07:49] } Qf6 { [%clk
0:08:59] } 26. Bh2 { [%clk 0:07:45] } Qd8 { [%clk 0:08:50] } 27. Qa4 { [%clk
0:07:37] } Re4 { [%clk 0:08:36] } 28. Rfe1 { [%clk 0:07:30] } Rxe1+ { [%clk
0:08:32] } 29. Rxe1 { [%clk 0:07:31] } Kf8 { [%clk 0:08:27] } 30. Bg3 { [%clk
0:06:45] } g6 { [%clk 0:08:20] } 31. Qa6 { [%clk 0:06:31] } Bb4 { [%clk
0:08:12] } 32. Rb1 { [%clk 0:06:14] } Bc5 { [%clk 0:08:10] } 33. Rb7 { [%clk
0:06:05] } d3 { [%clk 0:07:51] } 34. Bf4 { [%clk 0:05:45] } Qe8 { [%clk
0:07:46] } 35. Rxc7 { [%clk 0:05:39] } Bb4 { [%clk 0:07:42] } 36. Qxd6+ { [%clk
0:05:36] } Bxd6 { [%clk 0:07:37] } 37. Bxd6+ { [%clk 0:05:36] } Kg7 { [%clk
0:07:35] } 38. c5 { [%clk 0:05:27] } Qd8 { [%clk 0:07:35] } 39. Rb7 { [%clk
0:05:23] } d2 { [%clk 0:07:33] } 40. Rb1 { [%clk 0:05:17] } Qg5 { [%clk
0:07:28] } 41. c6 { [%clk 0:04:37] } Qxd5 { [%clk 0:07:24] } 42. Bb4 { [%clk
0:04:21] } d1=Q+ { [%clk 0:07:21] } 43. Rxd1 { [%clk 0:04:10] } Qxd1+ { [%clk
0:07:20] } 44. Kh2 { [%clk 0:04:08] } Qc2 { [%clk 0:07:17] } 45. c7 { [%clk
0:04:01] } Qxc7+ { [%clk 0:07:18] } 46. g3 { [%clk 0:03:56] } Qc4 { [%clk
0:07:16] } 47. Bd6 { [%clk 0:03:52] } Qd4 { [%clk 0:07:12] } 48. Bc7 { [%clk
0:03:51] } Qxf2+ { [%clk 0:07:12] } 49. Kh1 { [%clk 0:03:49] } Qe1+ { [%clk
0:07:09] } 50. Kh2 { [%clk 0:03:45] } Qd2+ { [%clk 0:07:10] } 51. Kh1 { [%clk
0:03:44] } Qc1+ { [%clk 0:07:10] } 52. Kg2 { [%clk 0:03:29] } Qxc7 { [%clk
0:07:09] } 53. h4 { [%clk 0:03:29] } Qc2+ { [%clk 0:07:08] } 54. Kh3 { [%clk
0:03:30] } Qc8+ { [%clk 0:07:05] } 55. Kg2 { [%clk 0:03:31] } Qe6 { [%clk
0:07:04] } 56. Kf3 { [%clk 0:03:27] } f6 { [%clk 0:07:05] } 57. Kf4 { [%clk
0:03:25] } g5+ { [%clk 0:07:02] } 58. hxg5 { [%clk 0:03:25] } fxg5+ { [%clk
0:07:03] } 59. Kf3 { [%clk 0:03:18] } Qf5+ { [%clk 0:07:00] } 60. Kg2 { [%clk
0:03:14] } h5 { [%clk 0:07:01] } 61. Kh2 { [%clk 0:02:57] } h4 { [%clk 0:06:58]
} 62. gxh4 { [%clk 0:02:55] } gxh4 { [%clk 0:06:58] } 63. Kg2 { [%clk 0:02:54]
} Qg4+ { [%clk 0:06:58] } 64. Kh2 { [%clk 0:02:53] } h3 { [%clk 0:06:58] } 65.
Kh1 { [%clk 0:02:54] } Qd1+ { [%clk 0:06:59] } 66. Kh2 { [%clk 0:02:55] } Qe1 {
[%clk 0:06:59] } 67. Kxh3 { [%clk 0:02:55] } Qg1 { [%clk 0:06:59] } 68. Kh4 {
[%clk 0:02:55] } Kf6 { [%clk 0:07:00] } 69. Kh5 { [%clk 0:02:56] } Qg5# { [%clk
0:06:56] } 0-1

[Event "Королевский Гамбит. Южный Федеральный округ."]
[Date "2025-11-21"]
[Round "3.3"]
[Board "3"]
[White "Гладышев Константин"]
[WhiteElo "1019"]
[Black "Дружинин Артём"]
[BlackElo "1010"]
[WebSite "https://www.chessopen.ru"]
[GameId "8b7e95b8-6c0a-48bd-a9ce-a6d96c4400be"]
[Result "1-0"]

1. e4 { [%clk 0:09:58] } c6 { [%clk 0:10:00] } 2. d4 { [%clk 0:09:59] } d5 {
[%clk 0:10:01] } 3. exd5 { [%clk 0:10:01] } cxd5 { [%clk 0:10:01] } 4. Nf3 {
[%clk 0:10:01] } Nc6 { [%clk 0:10:00] } 5. Bb5 { [%clk 0:09:57] } Bd7 { [%clk
0:09:55] } 6. Bxc6 { [%clk 0:09:58] } bxc6 { [%clk 0:09:48] } 7. O-O { [%clk
0:09:58] } e6 { [%clk 0:09:48] } 8. Bf4 { [%clk 0:09:59] } Nf6 { [%clk 0:09:48]
} 9. Nbd2 { [%clk 0:09:59] } Be7 { [%clk 0:09:47] } 10. c4 { [%clk 0:09:59] }
O-O { [%clk 0:09:42] } 11. c5 { [%clk 0:09:58] } Rb8 { [%clk 0:09:35] } 12. Nb3
{ [%clk 0:09:55] } Rb7 { [%clk 0:09:14] } 13. Qe1 { [%clk 0:09:42] } Bc8 {
[%clk 0:08:58] } 14. Ne5 { [%clk 0:09:28] } Rd7 { [%clk 0:09:01] } 15. Nxd7 {
[%clk 0:09:28] } Qxd7 { [%clk 0:09:02] } 16. f3 { [%clk 0:09:30] } Nh5 { [%clk
0:08:54] } 17. Bg3 { [%clk 0:09:27] } Re8 { [%clk 0:08:40] } 18. Bh4 { [%clk
0:09:14] } Ba6 { [%clk 0:08:17] } 19. Bxe7 { [%clk 0:09:08] } Bxf1 { [%clk
0:08:12] } 20. Qxf1 { [%clk 0:09:10] } Qxe7 { [%clk 0:08:12] } 21. Qa6 { [%clk
0:09:09] } Nf4 { [%clk 0:08:05] } 22. Qxc6 { [%clk 0:09:02] } Nd3 { [%clk
0:08:00] } 23. Rb1 { [%clk 0:08:55] } Nb4 { [%clk 0:07:53] } 24. Qa4 { [%clk
0:08:45] } Nd3 { [%clk 0:07:32] } 25. Na5 { [%clk 0:08:32] } Qf6 { [%clk
0:07:01] } 26. Qxe8# { [%clk 0:08:32] } 1-0

[Event "Королевский Гамбит. Южный Федеральный округ."]
[Date "2025-11-21"]
[Round "3.3"]
[Board "3"]
[White "Коновалов Владислав"]
[WhiteElo "1010"]
[Black "Бездорожный Мирослав"]
[BlackElo "990"]
[WebSite "https://www.chessopen.ru"]
[GameId "40d74896-7d41-40e4-8023-03fac2fdc079"]
[Result "1-0"]

1. c4 { [%clk 0:09:57] } e5 { [%clk 0:09:59] } 2. Nc3 { [%clk 0:09:57] } Nc6 {
[%clk 0:09:58] } 3. g3 { [%clk 0:09:52] } Nf6 { [%clk 0:09:58] } 4. Bg2 { [%clk
0:09:48] } d6 { [%clk 0:09:56] } 5. d3 { [%clk 0:09:37] } Nd4 { [%clk 0:09:49]
} 6. Nf3 { [%clk 0:09:32] } Nxf3+ { [%clk 0:09:49] } 7. Bxf3 { [%clk 0:09:28] }
c6 { [%clk 0:09:42] } 8. O-O { [%clk 0:09:24] } Be7 { [%clk 0:09:41] } 9. Be3 {
[%clk 0:08:54] } O-O { [%clk 0:09:33] } 10. b3 { [%clk 0:08:24] } h6 { [%clk
0:09:28] } 11. a4 { [%clk 0:08:13] } b6 { [%clk 0:09:25] } 12. Bxc6 { [%clk
0:08:06] } Rb8 { [%clk 0:09:23] } 13. Bf3 { [%clk 0:08:01] } Bh3 { [%clk
0:08:58] } 14. Re1 { [%clk 0:07:46] } Bc8 { [%clk 0:08:43] } 15. Na2 { [%clk
0:07:10] } Bb7 { [%clk 0:08:33] } 16. Nb4 { [%clk 0:07:00] } Bxf3 { [%clk
0:08:33] } 17. exf3 { [%clk 0:06:56] } a5 { [%clk 0:08:33] } 18. Nc6 { [%clk
0:06:54] } Qc8 { [%clk 0:08:29] } 19. Nxe7+ { [%clk 0:06:39] } Kh8 { [%clk
0:08:25] } 20. Nxc8 { [%clk 0:06:38] } Rbxc8 { [%clk 0:08:23] } 21. Bxb6 {
[%clk 0:06:37] } Nd7 { [%clk 0:08:13] } 22. Bxa5 { [%clk 0:06:21] } Rb8 { [%clk
0:07:53] } 23. Qe2 { [%clk 0:05:53] } Nc5 { [%clk 0:07:47] } 24. Rab1 { [%clk
0:05:18] } Kg8 { [%clk 0:07:25] } 25. Bc7 { [%clk 0:04:55] } Rbc8 { [%clk
0:07:20] } 26. Bxd6 { [%clk 0:04:54] } Rfe8 { [%clk 0:07:11] } 27. Bxc5 { [%clk
0:04:48] } Rxc5 { [%clk 0:07:11] } 28. Qe4 { [%clk 0:04:43] } f6 { [%clk
0:06:51] } 29. b4 { [%clk 0:04:28] } Rc7 { [%clk 0:06:41] } 30. b5 { [%clk
0:04:20] } Rf7 { [%clk 0:06:26] } 31. b6 { [%clk 0:04:16] } f5 { [%clk 0:06:24]
} 32. Qe2 { [%clk 0:03:58] } g6 { [%clk 0:06:16] } 33. b7 { [%clk 0:03:56] }
Rb8 { [%clk 0:06:14] } 34. Qxe5 { [%clk 0:03:51] } Rbxb7 { [%clk 0:06:08] } 35.
Rxb7 { [%clk 0:03:37] } Rxb7 { [%clk 0:06:09] } 36. Qe8+ { [%clk 0:03:34] } Kg7
{ [%clk 0:06:07] } 37. Re7+ { [%clk 0:03:20] } Rxe7 { [%clk 0:06:05] } 38.
Qxe7+ { [%clk 0:03:18] } Kg8 { [%clk 0:06:04] } 39. a5 { [%clk 0:03:18] } g5 {
[%clk 0:06:05] } 40. a6 { [%clk 0:03:17] } f4 { [%clk 0:06:06] } 41. a7 { [%clk
0:03:17] } fxg3 { [%clk 0:06:07] } 42. a8=Q# { [%clk 0:03:14] } 1-0

[Event "Королевский Гамбит. Южный Федеральный округ."]
[Date "2025-11-21"]
[Round "3.3"]
[Board "3"]
[White "Кравчук Сергей"]
[WhiteElo "980"]
[Black "Моисеенко Александр"]
[BlackElo "1020"]
[WebSite "https://www.chessopen.ru"]
[GameId "96168930-3633-4ded-92c9-1690e7069908"]
[Result "0-1"]

1. e4 { [%clk 0:09:58] } e5 { [%clk 0:10:00] } 2. Nf3 { [%clk 0:09:38] } Nc6 {
[%clk 0:10:01] } 3. Nc3 { [%clk 0:09:36] } Nf6 { [%clk 0:10:01] } 4. d3 { [%clk
0:09:29] } h6 { [%clk 0:10:00] } 5. d4 { [%clk 0:09:27] } d6 { [%clk 0:09:53] }
6. dxe5 { [%clk 0:09:26] } dxe5 { [%clk 0:09:49] } 7. Nd5 { [%clk 0:09:17] }
Nxe4 { [%clk 0:09:44] } 8. Qe2 { [%clk 0:08:57] } Qxd5 { [%clk 0:09:43] } 9. b3
{ [%clk 0:08:46] } Bc5 { [%clk 0:09:37] } 10. c4 { [%clk 0:08:46] } Bxf2+ {
[%clk 0:09:21] } 11. Qxf2 { [%clk 0:08:39] } Qa5+ { [%clk 0:09:20] } 12. Bd2 {
[%clk 0:08:37] } Nxf2 { [%clk 0:09:13] } 13. Bxa5 { [%clk 0:08:33] } Nxh1 {
[%clk 0:09:14] } 14. g4 { [%clk 0:08:18] } Nxa5 { [%clk 0:09:11] } 15. Rb1 {
[%clk 0:08:13] } Bxg4 { [%clk 0:09:10] } 16. Nxe5 { [%clk 0:08:12] } Be6 {
[%clk 0:09:08] } 17. c5 { [%clk 0:08:06] } O-O-O { [%clk 0:08:59] } 18. Nd3 {
[%clk 0:07:31] } Bf5 { [%clk 0:08:52] } 19. Ne5 { [%clk 0:07:30] } Bxb1 { [%clk
0:08:46] } 20. Bg2 { [%clk 0:07:29] } Rde8 { [%clk 0:08:36] } 21. Bxh1 { [%clk
0:07:26] } Rxe5+ { [%clk 0:08:36] } 22. Kf1 { [%clk 0:07:22] } Rhe8 { [%clk
0:08:09] } 23. b4 { [%clk 0:07:10] } Nc4 { [%clk 0:08:06] } 24. a4 { [%clk
0:06:54] } Re1+ { [%clk 0:07:56] } 25. Kg2 { [%clk 0:06:51] } Be4+ { [%clk
0:07:56] } 26. Kf2 { [%clk 0:06:50] } Rxh1 { [%clk 0:07:42] } 27. Ke2 { [%clk
0:06:46] } Rxh2+ { [%clk 0:07:12] } 28. Kd1 { [%clk 0:06:36] } Bg6 { [%clk
0:07:10] } 29. Kc1 { [%clk 0:06:34] } Re1# { [%clk 0:06:57] } 0-1

[Event "Королевский Гамбит. Южный Федеральный округ."]
[Date "2025-11-21"]
[Round "3.3"]
[Board "3"]
[White "Панкратов Никита"]
[WhiteElo "990"]
[Black "Сухомлин Маргарита"]
[BlackElo "981"]
[WebSite "https://www.chessopen.ru"]
[GameId "5f08af8d-9975-4821-9cbd-ddf1cbeb860b"]
[Result "0-1"]

1. d4 { [%clk 0:09:57] } d5 { [%clk 0:09:59] } 2. e3 { [%clk 0:09:53] } e6 {
[%clk 0:09:51] } 3. Nf3 { [%clk 0:09:51] } c5 { [%clk 0:09:52] } 4. dxc5 {
[%clk 0:09:40] } Bxc5 { [%clk 0:09:42] } 5. Bb5+ { [%clk 0:09:31] } Nc6 { [%clk
0:09:38] } 6. Bxc6+ { [%clk 0:09:21] } bxc6 { [%clk 0:09:38] } 7. Nc3 { [%clk
0:09:17] } Nf6 { [%clk 0:09:21] } 8. O-O { [%clk 0:09:09] } Qd6 { [%clk
0:09:17] } 9. Bd2 { [%clk 0:08:56] } Ng4 { [%clk 0:09:17] } 10. Na4 { [%clk
0:08:32] } e5 { [%clk 0:08:43] } 11. Bc3 { [%clk 0:08:09] } e4 { [%clk 0:08:43]
} 12. Nd4 { [%clk 0:07:46] } Qxh2# { [%clk 0:08:40] } 0-1

[Event "Королевский Гамбит. Южный Федеральный округ."]
[Date "2025-11-21"]
[Round "3.4"]
[Board "4"]
[White "зюзько марина"]
[WhiteElo "990"]
[Black "Белоусько Елена"]
[BlackElo "990"]
[WebSite "https://www.chessopen.ru"]
[GameId "5e93d68b-97f1-493f-aae0-bca69a5746da"]
[Result "1-0"]

1. e4 { [%clk 0:10:00] } e5 { [%clk 0:09:59] } 2. Nf3 { [%clk 0:10:01] } Nf6 {
[%clk 0:09:59] } 3. Nc3 { [%clk 0:10:03] } Nc6 { [%clk 0:09:58] } 4. Bd3 {
[%clk 0:10:03] } Bd6 { [%clk 0:09:53] } 5. O-O { [%clk 0:10:04] } O-O { [%clk
0:09:53] } 6. a3 { [%clk 0:10:01] } a6 { [%clk 0:09:53] } 7. b3 { [%clk
0:10:02] } Bc5 { [%clk 0:09:48] } 8. Ng5 { [%clk 0:09:48] } d6 { [%clk 0:09:41]
} 9. Bc4 { [%clk 0:09:49] } Bg4 { [%clk 0:09:35] } 10. Qe1 { [%clk 0:09:48] }
b5 { [%clk 0:09:23] } 11. Bd5 { [%clk 0:09:44] } Nxd5 { [%clk 0:09:22] } 12.
exd5 { [%clk 0:09:42] } Qxg5 { [%clk 0:09:14] } 13. d4 { [%clk 0:09:42] } Bxd4
{ [%clk 0:09:07] } 14. Bxg5 { [%clk 0:09:41] } f6 { [%clk 0:08:53] } 15. Be3 {
[%clk 0:09:37] } Bxc3 { [%clk 0:08:47] } 16. Qxc3 { [%clk 0:09:33] } Be6 {
[%clk 0:08:38] } 17. dxe6 { [%clk 0:09:33] } Ne7 { [%clk 0:08:37] } 18. Qxc7 {
[%clk 0:09:16] } Nf5 { [%clk 0:08:36] } 19. e7 { [%clk 0:09:16] } Rfe8 { [%clk
0:08:34] } 20. Qc6 { [%clk 0:09:02] } Nxe7 { [%clk 0:08:28] } 21. Qxd6 { [%clk
0:08:54] } h6 { [%clk 0:08:21] } 22. Qe6+ { [%clk 0:08:51] } Kf8 { [%clk
0:08:16] } 23. c4 { [%clk 0:08:45] } Nc8 { [%clk 0:08:03] } 24. Qd5 { [%clk
0:08:40] } Nb6 { [%clk 0:07:57] } 25. Bxb6 { [%clk 0:08:38] } Rab8 { [%clk
0:07:51] } 26. Bc5+ { [%clk 0:08:38] } Re7 { [%clk 0:07:38] } 27. Bxe7+ { [%clk
0:08:38] } Kxe7 { [%clk 0:07:39] } 28. Rad1 { [%clk 0:08:35] } Rd8 { [%clk
0:07:39] } 29. Qc5+ { [%clk 0:08:35] } Ke8 { [%clk 0:07:37] } 30. Rxd8+ { [%clk
0:08:35] } Kxd8 { [%clk 0:07:37] } 31. Qb6+ { [%clk 0:08:35] } Kc8 { [%clk
0:07:33] } 32. Rd1 { [%clk 0:08:37] } g5 { [%clk 0:07:25] } 33. Qd8+ { [%clk
0:08:36] } Kb7 { [%clk 0:07:23] } 34. Rd7+ { [%clk 0:08:35] } Kc6 { [%clk
0:07:10] } 35. Qc7# { [%clk 0:08:32] } 1-0